Statistics for WWE Greatest Royal Rumble Entrants Quiz

Click here to take the quiz!

General Stats

  • This quiz has been taken 739 times
  • The average score is 25 of 50

Answer Stats

ENAnswerEL% Correct
41Braun StrowmanW
89%
1Daniel Bryan48
83%
2Dolph Ziggler12
78%
9Kofi Kingston14
71%
31Big E33
70%
50Chris Jericho46
69%
28Rey Mysterio37
69%
14Xavier Woods15
69%
35Randy Orton39
68%
49Big Cass49
67%
5Mark Henry5
65%
46Kevin Owens47
63%
45The Great Khali42
63%
39Titus O'Neil35
63%
3Sin Cara1
56%
38Baron Corbin38
55%
44Bobby Lashley45
55%
20Elias41
54%
16Kurt Angle16
54%
4Curtis Axel2
51%
12Hornswoggle8
49%
47Shane McMahon44
49%
25Bobby Roode29
47%
36Heath Slater34
47%
33Apollo Crews28
46%
15Bo Dallas10
46%
27Chad Gable24
45%
11Dash Wilder7
44%
17Scott Dawson19
44%
48Shelton Benjamin43
44%
18Goldust18
43%
22Rhyno25
43%
8Viktor6
43%
32Karl Anderson26
42%
19Konnor13
42%
21Luke Gallows20
41%
43Curt Hawkins40
40%
37Babatunde31
38%
34Roderick Strong30
38%
10Tony Nese9
38%
26Fandango21
37%
6Mike Kanellis3
37%
24Tucker Knight23
37%
42Tye Dillinger36
37%
30Tyler Breeze22
37%
29Mojo Rawley27
35%
40Dan Matha32
34%
13Primo Colon11
34%
7Hiroki Sumi4
33%
23Drew Gulak17
32%

Score Distribution

Percentile by Number Answered

Percent of People with Each Score

Your Score History

You have not taken this quiz